| 000 | 00685cam a22002411 4500 | ||
|---|---|---|---|
| 001 | sa 67000877 | ||
| 003 | DLC | ||
| 005 | 20260227112318.0 | ||
| 008 | 740123s1966 ii k 000 0 eng | ||
| 010 | _asa 67000877 | ||
| 025 | _aPL480:I-E-6945 | ||
| 040 |
_aDLC _cDLC _dDLC |
||
| 043 | _aa-ii--- | ||
| 050 | 0 | 0 |
_aKNS2784 _b1966 |
| 082 | 0 | 0 | _a340 |
| 110 | 1 |
_aIndia (Republic). _kLaws, statutes, etc. |
|
| 245 | 1 | 0 |
_aHandbook of taxation laws of India, _cby P. L. Malik. |
| 250 | _a4th ed. | ||
| 260 |
_aLucknow, _bEastern Book Co., _c1966. |
||
| 300 |
_al v. (various pagings) _bforms. _c25 cm. |
||
| 650 | 0 |
_aTaxation _xLaw and legislation _zIndia. |
|
| 700 | 1 |
_aMalik, P.L., _eed. |
|
| 999 |
_c72270 _d72270 |
||